000 03576nam a22005177a 4500
001 B-266284-303
003 dpl
005 20080716110741.0
008 080530t xxu||||| |||| 00| 0 eng d
010 _aB-266284-303
020 _a0340893095
_c60.00
035 _aB-266284-303
037 _bBlue Berry
040 _aDPL
_bEN
082 _aS
100 _aBlyton, Enid
245 _aWell done, secret seven /
_cby Enid Blyton
260 _aLondon
_bHodder Headline
_c2004
270 _bLondon
_a338 Euston Raod
300 _a122p.
_c18 cm (Hb)
490 _aThe secret seven 3
942 _2ddc
_cCH
_hS
_mBLY
999 _c13168
_d13168